[Event "2. Bundesliga Ost 2015/2016"]
[Site "Wien"]
[Date "2016.03.05"]
[Round "7"]
[Board "2"]
[White "Loeffler, Stefan"]
[Black "Pingitzer, Harald"]
[Result "0-1"]
[WhiteElo "2386"]
[BlackElo "2304"]
[PlyCount "92"]
[EventDate "2015.10.17"]
[EventType "team"]
[EventRounds "11"]
[EventCountry "AUT"]
[WhiteTeam "ASVOE VHS Poechlarn"]
[BlackTeam "SC Donaustadt"]

1. d4 d5 2. c4 c6 3. Nf3 e6 4. Qc2 dxc4 5. Qxc4 b5 6. Qc2 Bb7 7. Bg5 Nf6 8. e4
Nbd7 9. Nbd2 h6 10. Bh4 g5 11. Bg3 Nh5 12. d5 Nxg3 13. hxg3 cxd5 14. Bxb5 Bg7
15. exd5 Bxd5 16. Qa4 a6 17. Bc6 Bxc6 18. Qxc6 O-O 19. Rd1 Rc8 20. Qd6 Nc5 21.
Nc4 Qxd6 22. Nxd6 Rc6 23. Nc4 Nd3+ 24. Rxd3 Rxc4 25. Ke2 Ra4 26. a3 Rb8 27. b4
a5 28. bxa5 Rxa5 29. Rc1 Ra7 30. Nd2 Rba8 31. Nc4 Rc8 32. Rd2 Rxa3 33. Nxa3
Rxc1 34. Nb5 Be5 35. Rd7 g4 36. Nd6 Bxd6 37. Rxd6 Rg1 38. Ra6 Kg7 39. Ra4 h5
40. Ra8 Rxg2 41. Ke3 Rh2 42. Rb8 Rh1 43. Kf4 Kf6 44. Rb5 Rh2 45. Rb2 Rg2 46.
Ke3 h4 0-1

[Event "2. Bundesliga Ost 2015/2016"]
[Site "Wien"]
[Date "2016.03.05"]
[Round "7"]
[Board "3"]
[White "Sandhu, Mario"]
[Black "Ganaus, Hannes"]
[Result "1/2-1/2"]
[WhiteElo "2254"]
[BlackElo "2279"]
[PlyCount "52"]
[EventDate "2015.10.17"]
[EventType "team"]
[EventRounds "11"]
[EventCountry "AUT"]
[WhiteTeam "SC Donaustadt"]
[BlackTeam "ASVOE VHS Poechlarn"]

1. Nf3 Nf6 2. d4 e6 3. e3 c5 4. Bd3 d5 5. c3 Nbd7 6. O-O Bd6 7. Nbd2 O-O 8. e4
cxd4 9. cxd4 dxe4 10. Nxe4 Nxe4 11. Bxe4 Qa5 12. Bg5 h6 13. Bh4 Qh5 14. Bc2 f5
15. Qd3 Re8 16. Bg3 f4 17. Qg6 Qxg6 18. Bxg6 Rf8 19. Bh4 Nb6 20. Ne5 Bxe5 21.
dxe5 Nd5 22. Rfc1 Bd7 23. f3 Rfc8 24. Bf2 b6 25. Be4 Rxc1+ 26. Rxc1 Rc8 1/2-1/2

[Event "2. Bundesliga Ost 2015/2016"]
[Site "Wien"]
[Date "2016.03.05"]
[Round "7"]
[Board "4"]
[White "Wilke, Werner"]
[Black "Schwab, Rene"]
[Result "1/2-1/2"]
[WhiteElo "2260"]
[BlackElo "2214"]
[PlyCount "104"]
[EventDate "2015.10.17"]
[EventType "team"]
[EventRounds "11"]
[EventCountry "AUT"]
[WhiteTeam "ASVOE VHS Poechlarn"]
[BlackTeam "SC Donaustadt"]

1. d4 c6 2. Bf4 Qb6 3. b3 d5 4. e3 Bf5 5. Nf3 Nd7 6. Nh4 Be6 7. Bd3 Ngf6 8. O-O
g6 9. c4 c5 10. Nc3 Bg7 11. dxc5 Nxc5 12. cxd5 Bxd5 13. Bb5+ Bc6 14. Bxc6+ Qxc6
15. Nf3 Ne6 16. Be5 Rd8 17. Qe2 O-O 18. Rac1 Rc8 19. Qb2 Rfd8 20. Nd4 Nxd4 21.
Bxd4 b6 22. a4 Qb7 23. f3 Ne8 24. Bxg7 Nxg7 25. e4 e6 26. Nb5 a6 27. Nd4 Qd7
28. Ne2 Qd3 29. Kf2 Qd6 30. g3 Rxc1 31. Rxc1 e5 32. Nc3 Qd4+ 33. Kg2 Qd2+ 34.
Qxd2 Rxd2+ 35. Kh3 Ne6 36. Nd5 Nd4 37. Rc3 b5 38. f4 bxa4 39. bxa4 exf4 40.
gxf4 Ne2 41. Rc6 Kg7 42. Rxa6 Rd4 43. Kg2 Rxe4 44. Kf3 Re8 45. Ra7 Nd4+ 46. Kg3
Rb8 47. a5 Rb3+ 48. Kf2 Rb2+ 49. Kg3 Nf5+ 50. Kh3 Rd2 51. Ne7 Rd3+ 52. Kg2 Nh4+
 1/2-1/2

[Event "2. Bundesliga Ost 2015/2016"]
[Site "Wien"]
[Date "2016.03.05"]
[Round "7"]
[Board "5"]
[White "Schwab, Lukas"]
[Black "Ernst, Michael"]
[Result "1/2-1/2"]
[WhiteElo "2155"]
[BlackElo "2163"]
[PlyCount "104"]
[EventDate "2015.10.17"]
[EventType "team"]
[EventRounds "11"]
[EventCountry "AUT"]
[WhiteTeam "SC Donaustadt"]
[BlackTeam "ASVOE VHS Poechlarn"]

1. e4 e6 2. d4 d5 3. Nd2 Nf6 4. e5 Nfd7 5. Bd3 c5 6. c3 Nc6 7. Ne2 cxd4 8. cxd4
f6 9. exf6 Nxf6 10. O-O Bd6 11. Nf3 Qc7 12. Bg5 O-O 13. Bh4 Nh5 14. Qc2 h6 15.
Bh7+ Kh8 16. Bg6 Rxf3 17. Bxh5 Rf8 18. Bg3 Bd7 19. Rac1 Rf6 20. a3 Be8 21. Bxe8
Rxe8 22. b4 a6 23. Qd2 Ref8 24. Bxd6 Qxd6 25. f4 Rc8 26. Rc5 Rff8 27. Rfc1 b6
28. R5c3 Na7 29. Rxc8 Rxc8 30. Rxc8+ Nxc8 31. Nc1 Qc7 32. Nd3 Nd6 33. Ne5 Ne4
34. Qb2 Qc3 35. Qxc3 Nxc3 36. Nd7 Nb5 37. a4 Nxd4 38. Nxb6 Nc6 39. Nd7 Nxb4 40.
Nc5 Kg8 41. Nxe6 Kf7 42. Nd4 Nd3 43. g3 Nb2 44. a5 Nc4 45. Nb3 Ke6 46. Nc5+ Kf5
47. Kf2 g5 48. fxg5 hxg5 49. Nxa6 Nxa5 50. Nb4 d4 51. h4 gxh4 52. gxh4 Kg4
 1/2-1/2

[Event "2. Bundesliga Ost 2015/2016"]
[Site "Wien"]
[Date "2016.03.05"]
[Round "7"]
[Board "6"]
[White "Schweitzer, Werner"]
[Black "Sekyra, Michael"]
[Result "0-1"]
[WhiteElo "2026"]
[BlackElo "2060"]
[PlyCount "116"]
[EventDate "2015.10.17"]
[EventType "team"]
[EventRounds "11"]
[EventCountry "AUT"]
[WhiteTeam "ASVOE VHS Poechlarn"]
[BlackTeam "SC Donaustadt"]

1. g3 d5 2. Bg2 Nf6 3. c4 dxc4 4. Qa4+ c6 5. Qxc4 Bf5 6. Nf3 h6 7. O-O e6 8. d3
Nbd7 9. e4 Bh7 10. b3 Be7 11. Bb2 O-O 12. Nbd2 Qa5 13. Qc2 Rfd8 14. Nc4 Qc7 15.
Rad1 Rac8 16. Rfe1 b5 17. Ba3 Bxa3 18. Nxa3 Qa5 19. Qb2 c5 20. Nc2 c4 21. dxc4
Bxe4 22. Ne3 a6 23. b4 Qc7 24. c5 Nb8 25. Ne5 Bxg2 26. Kxg2 Nc6 27. N3g4 Nxg4
28. Nxg4 Rxd1 29. Rxd1 Rd8 30. Rxd8+ Qxd8 31. Ne3 Qd3 32. Qc2 Qd4 33. a3 Kf8
34. Qd1 Qe4+ 35. Qf3 Qxf3+ 36. Kxf3 f5 37. Ke2 Ke7 38. f4 Kf6 39. Kd3 g5 40. h4
gxf4 41. gxf4 e5 42. Ng2 a5 43. bxa5 Nxa5 44. fxe5+ Kxe5 45. Ne3 h5 46. Nc2 Nc4
47. Nd4 Nb2+ 48. Kc3 Na4+ 49. Kd3 Nxc5+ 50. Kc3 Ne4+ 51. Kd3 Nd6 52. Nc6+ Kf4
53. Kd4 Nc4 54. a4 bxa4 55. Kxc4 Kg3 56. Kd3 a3 57. Nb4 Kxh4 58. Ke3 Kg3 0-1

[Event "2. Bundesliga Ost 2015/2016"]
[Site "Wien"]
[Date "2016.03.05"]
[Round "7"]
[Board "1"]
[White "Polak, Tomas"]
[Black "Videki, Sandor"]
[Result "0-1"]
[WhiteElo "2525"]
[BlackElo "2400"]
[PlyCount "114"]
[EventDate "2015.10.17"]
[EventType "team"]
[EventRounds "11"]
[EventCountry "AUT"]
[WhiteTeam "SK Hietzing"]
[BlackTeam "SC Data Technology Pressbaum/E."]

1. e4 c5 2. Nc3 Nc6 3. Bb5 Nd4 4. Nf3 a6 5. Bd3 g6 6. O-O Bg7 7. Re1 e6 8. Nxd4
cxd4 9. Ne2 Ne7 10. c3 Nc6 11. f4 O-O 12. Qb3 b5 13. a4 Rb8 14. axb5 axb5 15.
Kh1 Qb6 16. e5 f6 17. exf6 Bxf6 18. Rf1 Bg7 19. Ra3 Ne5 20. Qc2 b4 21. cxb4
Nxd3 22. Qxd3 Bb7 23. b3 Bc6 24. Qh3 Qxb4 25. d3 Ra8 26. Rxa8 Rxa8 27. f5 exf5
28. Bh6 Ra2 29. Nf4 Qd2 30. Rg1 Qf2 31. b4 Be5 32. Qg3 Qxg3 33. hxg3 Rb2 34.
Kh2 Rxb4 35. Re1 Rb5 36. Re2 Kf7 37. Nh3 d6 38. Ng5+ Ke7 39. Nxh7 Rb8 40. Bg7
Kf7 41. Bxe5 dxe5 42. Kg1 Rb1+ 43. Kf2 Rh1 44. Rc2 Bb5 45. Ng5+ Kf6 46. Nf3
Bxd3 47. Rc6+ Kg7 48. g4 f4 49. g3 e4 50. Rc7+ Kf8 51. Nxd4 e3+ 52. Kf3 Rf1+
53. Kg2 f3+ 54. Kh2 e2 55. Ne6+ Kg8 56. Rg7+ Kh8 57. Re7 Rh1+ 0-1

[Event "2. Bundesliga Ost 2015/2016"]
[Site "Wien"]
[Date "2016.03.05"]
[Round "7"]
[Board "2"]
[White "Rumpl, Erwin"]
[Black "Vyskocil, Neklan"]
[Result "1/2-1/2"]
[WhiteElo "2334"]
[BlackElo "2364"]
[PlyCount "61"]
[EventDate "2015.10.17"]
[EventType "team"]
[EventRounds "11"]
[EventCountry "AUT"]
[WhiteTeam "SC Data Technology Pressbaum/E."]
[BlackTeam "SK Hietzing"]

1. Nf3 Nf6 2. c4 e6 3. g3 b6 4. Bg2 Bb7 5. O-O Be7 6. b3 O-O 7. Bb2 d5 8. e3 c5
9. Nc3 Nc6 10. cxd5 Nxd5 11. Nxd5 exd5 12. d4 Bf6 13. Qd2 Qe7 14. Rfd1 Rfd8 15.
Rac1 cxd4 16. Nxd4 Nxd4 17. Bxd4 Bxd4 18. Qxd4 h6 19. Rc2 Rab8 20. Rcd2 Qa3 21.
Qa4 Qxa4 22. bxa4 Rbc8 23. Bxd5 Rxd5 24. Rxd5 Bxd5 25. Rxd5 a5 26. h4 Rc2 27.
Rd8+ Kh7 28. Rd6 Rxa2 29. Rxb6 Rxa4 30. Ra6 g6 31. Kg2 1/2-1/2

[Event "2. Bundesliga Ost 2015/2016"]
[Site "Wien"]
[Date "2016.03.05"]
[Round "7"]
[Board "3"]
[White "Penz, Harald"]
[Black "Neumeier, Klaus"]
[Result "1/2-1/2"]
[WhiteElo "2329"]
[BlackElo "2284"]
[PlyCount "61"]
[EventDate "2015.10.17"]
[EventType "team"]
[EventRounds "11"]
[EventCountry "AUT"]
[WhiteTeam "SK Hietzing"]
[BlackTeam "SC Data Technology Pressbaum/E."]

1. e4 c5 2. c3 Nf6 3. e5 Nd5 4. Bc4 Nb6 5. Bb3 Nc6 6. Nf3 g6 7. d4 cxd4 8. cxd4
d5 9. Nc3 Bg7 10. O-O Bg4 11. Be3 O-O 12. h3 Bxf3 13. Qxf3 e6 14. Rac1 a6 15.
Qe2 Na5 16. Bc2 Rc8 17. Bb1 Nbc4 18. Na4 Qe7 19. b3 Nxe3 20. Qxe3 Qb4 21. Rc3
Rxc3 22. Qxc3 Qxc3 23. Nxc3 Rc8 24. Ne2 Bf8 25. f4 Be7 26. Kf2 f5 27. exf6 Bxf6
28. Ke3 Kf7 29. g4 Nc6 30. Rc1 Ne7 31. Rxc8 1/2-1/2

[Event "2. Bundesliga Ost 2015/2016"]
[Site "Wien"]
[Date "2016.03.05"]
[Round "7"]
[Board "4"]
[White "Weissenbeck, Manuel"]
[Black "Prager, Manfred"]
[Result "1-0"]
[WhiteElo "2246"]
[BlackElo "2004"]
[PlyCount "107"]
[EventDate "2015.10.17"]
[EventType "team"]
[EventRounds "11"]
[EventCountry "AUT"]
[WhiteTeam "SC Data Technology Pressbaum/E."]
[BlackTeam "SK Hietzing"]

1. d4 Nf6 2. Nf3 d5 3. c4 e6 4. Nc3 Be7 5. Bg5 Nbd7 6. e3 O-O 7. Rc1 c6 8. Bd3
Re8 9. O-O h6 10. Bh4 dxc4 11. Bxc4 Nd5 12. Bg3 Nxc3 13. Rxc3 Nf6 14. Ne5 Bd6
15. Qf3 Bxe5 16. Bxe5 Nd7 17. Bg3 Qf6 18. Qh5 Qg5 19. Qe2 b5 20. f4 Qe7 21. Bb3
Bb7 22. f5 a6 23. fxe6 fxe6 24. Qh5 Rf8 25. Rcc1 Rxf1+ 26. Rxf1 Rf8 27. Bh4
Rxf1+ 28. Kxf1 Qf7+ 29. Qf3 c5 30. Bxe6 Qxe6 31. Qxb7 cxd4 32. Qc8+ Kh7 33.
exd4 Qf5+ 34. Bf2 Qd3+ 35. Ke1 Qb1+ 36. Kd2 Qxb2+ 37. Qc2+ Qxc2+ 38. Kxc2 Kg6
39. Kb3 Kf5 40. Kb4 Ke4 41. Ka5 Kd5 42. Kxa6 Kc4 43. Bg3 b4 44. Be5 g5 45. Bg7
h5 46. Kb7 Kb5 47. d5 Kc5 48. Kc7 Nb6 49. Bf8+ Kb5 50. d6 Nd5+ 51. Kb7 Nb6 52.
Bg7 Nd7 53. Kc7 Nc5 54. d7 1-0

[Event "2. Bundesliga Ost 2015/2016"]
[Site "Wien"]
[Date "2016.03.05"]
[Round "7"]
[Board "5"]
[White "Wagner, Stefan"]
[Black "Hechl, Gerald"]
[Result "0-1"]
[WhiteElo "2145"]
[BlackElo "2205"]
[PlyCount "70"]
[EventDate "2015.10.17"]
[EventType "team"]
[EventRounds "11"]
[EventCountry "AUT"]
[WhiteTeam "SK Hietzing"]
[BlackTeam "SC Data Technology Pressbaum/E."]

1. Nf3 b5 2. g3 Bb7 3. Bg2 Nf6 4. O-O e6 5. d3 d5 6. Nbd2 Be7 7. e4 c5 8. Re1
Nc6 9. e5 Nd7 10. h4 Qc7 11. Qe2 O-O 12. c3 a5 13. Nf1 b4 14. Bf4 a4 15. a3
bxa3 16. bxa3 Rab8 17. c4 Na5 18. N1d2 dxc4 19. Nxc4 Nb3 20. Ra2 Nb6 21. Nfd2
Nd4 22. Qg4 Nxc4 23. Nxc4 Bxg2 24. Kxg2 Qc6+ 25. f3 Qd5 26. Bg5 Bxg5 27. hxg5
Rb3 28. Rd2 Nf5 29. Qe4 Rd8 30. Red1 Qd4 31. Qxd4 Rxd4 32. Kf2 Kf8 33. g4 Ne7
34. Rb2 Rxc4 35. Rxb3 Rc2+ 0-1

[Event "2. Bundesliga Ost 2015/2016"]
[Site "Wien"]
[Date "2016.03.05"]
[Round "7"]
[Board "6"]
[White "Lucaci, Marius"]
[Black "Stadler, Peter"]
[Result "1-0"]
[WhiteElo "2146"]
[BlackElo "2142"]
[PlyCount "102"]
[EventDate "2015.10.17"]
[EventType "team"]
[EventRounds "11"]
[EventCountry "AUT"]
[WhiteTeam "SC Data Technology Pressbaum/E."]
[BlackTeam "SK Hietzing"]

1. e4 c5 2. Nf3 e6 3. d4 cxd4 4. Nxd4 Nf6 5. Nc3 d6 6. g3 a6 7. Bg2 e5 8. Nb3
Bg4 9. f3 Be6 10. Be3 b5 11. Nd5 Bxd5 12. exd5 Nbd7 13. O-O Nb6 14. f4 Nc4 15.
Qe2 Rc8 16. c3 Be7 17. a4 O-O 18. axb5 axb5 19. Kh1 Re8 20. Ra6 Ra8 21. Rxa8
Qxa8 22. fxe5 dxe5 23. d6 Qa2 24. dxe7 Qxb3 25. Bc5 Nxb2 26. Rxf6 gxf6 27. Qg4+
Kh8 28. Qd7 Qd1+ 29. Qxd1 Nxd1 30. Bc6 Rg8 31. e8=Q Rxe8 32. Bxe8 Nxc3 33. Bxf7
Kg7 34. Be6 Ne4 35. Be7 Ng5 36. Bf5 Nf3 37. Kg2 Nd4 38. g4 h5 39. h3 hxg4 40.
hxg4 Nc6 41. Bc5 Nd8 42. Kf3 Kf7 43. Ke4 Nc6 44. Bd7 Nd8 45. Bxb5 Kg6 46. Bd7
Nb7 47. Be3 Nd8 48. Kd5 Kf7 49. Bb6 Ke7 50. Bxd8+ Kxd8 51. Ke6 e4 1-0

[Event "2. Bundesliga Ost 2015/2016"]
[Site "Wien"]
[Date "2016.03.05"]
[Round "7"]
[Board "2"]
[White "Stohl, Igor"]
[Black "Wukits, Rene"]
[Result "1/2-1/2"]
[WhiteElo "2485"]
[BlackElo "2333"]
[PlyCount "31"]
[EventDate "2015.10.17"]
[EventType "team"]
[EventRounds "11"]
[EventCountry "AUT"]
[WhiteTeam "SK Purbach"]
[BlackTeam "tschaturanga"]

1. c4 Nf6 2. Nf3 e6 3. Nc3 d5 4. d4 dxc4 5. e3 a6 6. a4 c5 7. Bxc4 Nc6 8. O-O
Be7 9. Qe2 cxd4 10. Rd1 e5 11. exd4 exd4 12. Nxd4 Nxd4 13. Qe3 Qd6 14. Qxd4
Qxd4 15. Rxd4 Bc5 16. Rd1 1/2-1/2

[Event "2. Bundesliga Ost 2015/2016"]
[Site "Wien"]
[Date "2016.03.05"]
[Round "7"]
[Board "4"]
[White "Kummer, Helmut"]
[Black "Matt, Fabian"]
[Result "1/2-1/2"]
[WhiteElo "2295"]
[BlackElo "2276"]
[PlyCount "76"]
[EventDate "2015.10.17"]
[EventType "team"]
[EventRounds "11"]
[EventCountry "AUT"]
[WhiteTeam "SK Purbach"]
[BlackTeam "tschaturanga"]

1. d4 e6 2. c4 Bb4+ 3. Bd2 a5 4. Nf3 f5 5. g3 b6 6. Bg2 Bb7 7. O-O Bxd2 8. Qxd2
Nf6 9. Nc3 Ne4 10. Nxe4 Bxe4 11. b3 O-O 12. Rac1 d6 13. Rfd1 Nd7 14. Ng5 Qf6
15. Bxe4 fxe4 16. Nxe4 Qf5 17. f3 Rae8 18. c5 d5 19. Nf2 bxc5 20. Qxa5 e5 21.
dxe5 Qxe5 22. Rc2 Re6 23. Qd2 Nf6 24. Nd3 Qd4+ 25. Nf2 Qe5 26. f4 Qh5 27. Qd3
Rfe8 28. Qf3 Qf5 29. Rd3 h5 30. h3 c6 31. g4 hxg4 32. Nxg4 Nxg4 33. hxg4 Rg6
34. g5 Re4 35. Qh3 Rxf4 36. Qxf5 Rxf5 37. Rg3 Rgxg5 38. Kg2 d4 1/2-1/2

[Event "2. Bundesliga Ost 2015/2016"]
[Site "Wien"]
[Date "2016.03.05"]
[Round "7"]
[Board "5"]
[White "Sadilek, Maximilian"]
[Black "Heiny, Michael"]
[Result "1-0"]
[WhiteElo "2227"]
[BlackElo "2046"]
[PlyCount "45"]
[EventDate "2015.10.17"]
[EventType "team"]
[EventRounds "11"]
[EventCountry "AUT"]
[WhiteTeam "tschaturanga"]
[BlackTeam "SK Purbach"]

1. e4 e6 2. d3 d5 3. Qe2 Nf6 4. Nf3 b6 5. g3 Bb7 6. Nbd2 dxe4 7. dxe4 Ba6 8. c4
Nc6 9. e5 Nd7 10. Bg2 Nc5 11. O-O Nd3 12. Ne1 Ndxe5 13. f4 Qd4+ 14. Kh1 Rd8 15.
fxe5 Nxe5 16. Nef3 Nxf3 17. Qxf3 Qd7 18. b3 Bc5 19. Bb2 O-O 20. Ne4 Bd4 21.
Bxd4 Qxd4 22. Rad1 Qb2 23. Qxf7+ 1-0

[Event "2. Bundesliga Ost 2015/2016"]
[Site "Wien"]
[Date "2016.03.05"]
[Round "7"]
[Board "6"]
[White "Mueller, Florian"]
[Black "Leitner, Gerald"]
[Result "0-1"]
[WhiteElo "1786"]
[BlackElo "2216"]
[PlyCount "93"]
[EventDate "2015.10.17"]
[EventType "team"]
[EventRounds "11"]
[EventCountry "AUT"]
[WhiteTeam "SK Purbach"]
[BlackTeam "tschaturanga"]

1. b3 e5 2. Bb2 Nc6 3. e3 Nf6 4. Bb5 Qe7 5. Ne2 g6 6. O-O Bg7 7. f4 exf4 8.
Rxf4 O-O 9. Qf1 Nh5 10. Bxg7 Kxg7 11. Rf2 Ne5 12. Nf4 Nf6 13. Be2 Ne4 14. Nc3
Nxf2 15. Qxf2 d6 16. Rf1 c6 17. h4 Bg4 18. h5 Bxe2 19. Ncxe2 Rae8 20. Qg3 Kh8
21. Qh3 g5 22. Nd3 Nxd3 23. cxd3 f5 24. Rxf5 Rxf5 25. Qxf5 Rf8 26. Qg4 Qf6 27.
Kh2 h6 28. Qd4 Qxd4 29. Nxd4 Rf2 30. Nf3 Rf1 31. e4 Ra1 32. a4 Rb1 33. Nd4 Rb2
34. Nf5 Rxb3 35. Nxd6 Rxd3 36. e5 Rxd2 37. Nxb7 Re2 38. Nd8 c5 39. Kg3 Kg8 40.
e6 c4 41. Kf3 Re1 42. Kf2 Re5 43. Nc6 Rxe6 44. Nd4 Re4 45. Nb5 a6 46. Nd6 Rd4
47. Ke3 0-1

[Event "2. Bundesliga Ost 2015/2016"]
[Site "Wien"]
[Date "2016.03.06"]
[Round "8"]
[Board "4"]
[White "Kummer, Helmut"]
[Black "Dzierzenga, Stefan"]
[Result "1-0"]
[WhiteElo "2295"]
[BlackElo "2186"]
[PlyCount "57"]
[EventDate "2015.10.17"]
[EventType "team"]
[EventRounds "11"]
[EventCountry "AUT"]
[WhiteTeam "SK Purbach"]
[BlackTeam "SK Advisory Invest Baden"]

1. d4 Nf6 2. c4 c5 3. d5 b5 4. cxb5 a6 5. Nc3 axb5 6. e4 b4 7. Nb5 d6 8. Bf4 g5
9. Bxg5 Nxe4 10. Bf4 Nf6 11. Bc4 Bg7 12. Nf3 O-O 13. O-O Nbd7 14. Qc1 Ng4 15.
Re1 Nde5 16. Nxe5 Nxe5 17. Bf1 Bf5 18. Bh6 Bg6 19. Bxg7 Kxg7 20. Re3 f5 21. Qe1
f4 22. Rxe5 dxe5 23. Qxe5+ Kh6 24. g4 fxg3 25. hxg3 Rc8 26. Bh3 Qe8 27. Bxc8
Qxb5 28. Kg2 Rf6 29. g4 1-0

[Event "2. Bundesliga Ost 2015/2016"]
[Site "Wien"]
[Date "2016.03.06"]
[Round "8"]
[Board "5"]
[White "Trippold, Denise"]
[Black "Heiny, Michael"]
[Result "0-1"]
[WhiteElo "1982"]
[BlackElo "2046"]
[PlyCount "90"]
[EventDate "2015.10.17"]
[EventType "team"]
[EventRounds "11"]
[EventCountry "AUT"]
[WhiteTeam "SK Advisory Invest Baden"]
[BlackTeam "SK Purbach"]

1. d4 Nf6 2. c4 g6 3. Nc3 Bg7 4. e4 d6 5. Nf3 O-O 6. h3 e5 7. d5 Nbd7 8. Be3 a5
9. g4 Nc5 10. Nd2 Ne8 11. h4 f5 12. gxf5 gxf5 13. Qe2 f4 14. Bxc5 dxc5 15. Bh3
Bxh3 16. Rxh3 Kh8 17. Nf3 Bf6 18. O-O-O Rg8 19. Rhh1 Nd6 20. Nb5 Qe7 21. h5 Rg2
22. Rdg1 Rag8 23. Rxg2 Rxg2 24. Qf1 Rg7 25. Nxd6 cxd6 26. Qh3 Qd7 27. h6 Rf7
28. Qh5 Rf8 29. Rg1 Rg8 30. Rxg8+ Kxg8 31. Ng5 Qe7 32. Ne6 Qf7 33. Qg4+ Qg6 34.
f3 Qxg4 35. fxg4 Kf7 36. a3 Kg6 37. Kd2 Kxh6 38. Ke2 Kg6 39. Nf8+ Kf7 40. Ne6
Be7 41. Kf3 Kg6 42. a4 h5 43. gxh5+ Kxh5 44. Ng7+ Kg5 45. Ne6+ Kh4 0-1

[Event "2. Bundesliga Ost 2015/2016"]
[Site "Wien"]
[Date "2016.03.06"]
[Round "8"]
[Board "6"]
[White "Mueller, Florian"]
[Black "Hofegger, Jakob"]
[Result "0-1"]
[WhiteElo "1786"]
[BlackElo "1990"]
[PlyCount "64"]
[EventDate "2015.10.17"]
[EventType "team"]
[EventRounds "11"]
[EventCountry "AUT"]
[WhiteTeam "SK Purbach"]
[BlackTeam "SK Advisory Invest Baden"]

1. b3 Nf6 2. Bb2 g6 3. c4 Bg7 4. d4 O-O 5. Nf3 d6 6. e3 Nbd7 7. Qc2 Re8 8. Nbd2
e5 9. dxe5 dxe5 10. Be2 Qe7 11. O-O a6 12. Rfd1 e4 13. Ne1 Nf8 14. Nf1 h5 15.
h4 Ng4 16. Bxg7 Kxg7 17. g3 Qf6 18. Bxg4 Bxg4 19. Rdc1 Nd7 20. Qc3 Ne5 21. Nh2
Bf5 22. Ng2 Rad8 23. Nf4 Nf3+ 24. Kg2 Qxc3 25. Rxc3 Nxh2 26. Kxh2 Rd2 27. Kg2
Red8 28. Rcc1 c6 29. a4 Bg4 30. Rf1 Rb2 31. Rab1 Rdd2 32. Kg1 Rxf2 0-1

[Event "2. Bundesliga Ost 2015/2016"]
[Site "Wien"]
[Date "2016.03.06"]
[Round "8"]
[Board "1"]
[White "Videki, Sandor"]
[Black "Baumegger, Siegfried"]
[Result "1/2-1/2"]
[WhiteElo "2400"]
[BlackElo "2466"]
[PlyCount "105"]
[EventDate "2015.10.17"]
[EventType "team"]
[EventRounds "11"]
[EventCountry "AUT"]
[WhiteTeam "SC Data Technology Pressbaum/E."]
[BlackTeam "tschaturanga"]

1. c4 e6 2. Nc3 Bb4 3. Nf3 Nf6 4. Qc2 d5 5. a3 Be7 6. d4 O-O 7. Bf4 dxc4 8. e4
Nc6 9. Rd1 Na5 10. Nd2 Nh5 11. Be3 Bg5 12. Nxc4 Nxc4 13. Bxc4 Bxe3 14. fxe3 Qg5
15. Qf2 e5 16. O-O Be6 17. Be2 Nf6 18. Bf3 c6 19. Rfe1 h5 20. h4 Qg6 21. dxe5
Nd7 22. Ne2 Nxe5 23. Nf4 Nxf3+ 24. Qxf3 Qg4 25. Nxe6 Qxe6 26. Qxh5 Qxe4 27. Rd4
Qe6 28. Qg5 Rae8 29. Re2 Re7 30. Kf2 Rfe8 31. Rg4 Qe5 32. Qxe5 Rxe5 33. Rd4
R8e7 34. g3 Kh7 35. Kf3 c5 36. Rd6 f6 37. g4 Re4 38. Rd5 b6 39. Rd6 Kg6 40. Rd5
Kf7 41. Rd6 R4e6 42. Rd8 Rc6 43. Rc2 Ke6 44. Kf4 b5 45. e4 c4 46. Rd5 a6 47.
Rcd2 Kf7 48. Rd6 Rxd6 49. Rxd6 Re6 50. Rd7+ Kg6 51. Ke3 Rc6 52. Kd2 Re6 53. Ke3
 1/2-1/2

[Event "2. Bundesliga Ost 2015/2016"]
[Site "Wien"]
[Date "2016.03.06"]
[Round "8"]
[Board "2"]
[White "Sadilek, Peter"]
[Black "Rumpl, Erwin"]
[Result "1-0"]
[WhiteElo "2280"]
[BlackElo "2334"]
[PlyCount "99"]
[EventDate "2015.10.17"]
[EventType "team"]
[EventRounds "11"]
[EventCountry "AUT"]
[WhiteTeam "tschaturanga"]
[BlackTeam "SC Data Technology Pressbaum/E."]

1. d4 Nf6 2. c4 c5 3. d5 e6 4. Nc3 exd5 5. cxd5 d6 6. e4 g6 7. f4 Bg7 8. Bb5+
Nfd7 9. Nf3 O-O 10. O-O Na6 11. Kh1 Nc7 12. Bd3 Rb8 13. f5 Qe7 14. Bg5 f6 15.
Bf4 g5 16. Bg3 b5 17. a3 Ne5 18. b4 c4 19. Be2 Nxf3 20. Bxf3 Bd7 21. h3 Na8 22.
Ne2 Nb6 23. Nd4 Rfd8 24. Ne6 Rdc8 25. Bh5 Ra8 26. h4 gxh4 27. Bxh4 c3 28. Rc1
Rc4 29. Rf4 Bh6 30. Rg4+ Kh8 31. Rc2 a5 32. Bf2 axb4 33. axb4 Na4 34. Qf3 Rxb4
35. Rh4 Bxe6 36. dxe6 Bg5 37. e5 Rb1+ 38. Kh2 Rd8 39. exf6 Bxf6 40. Rh3 Rg8 41.
Bg6 Rg7 42. Qa8+ Rg8 43. Qd5 Rg7 44. Bd4 Bxd4 45. Qxd4 Kg8 46. Bf7+ Rxf7 47.
exf7+ Qxf7 48. Rg3+ Kf8 49. Qh8+ Ke7 50. Rg7 1-0

[Event "2. Bundesliga Ost 2015/2016"]
[Site "Wien"]
[Date "2016.03.06"]
[Round "8"]
[Board "3"]
[White "Neumeier, Klaus"]
[Black "Matt, Fabian"]
[Result "1/2-1/2"]
[WhiteElo "2284"]
[BlackElo "2276"]
[PlyCount "28"]
[EventDate "2015.10.17"]
[EventType "team"]
[EventRounds "11"]
[EventCountry "AUT"]
[WhiteTeam "SC Data Technology Pressbaum/E."]
[BlackTeam "tschaturanga"]

1. Nf3 d5 2. c4 d4 3. g3 Nc6 4. Bg2 e5 5. O-O Nf6 6. d3 a5 7. e3 Bc5 8. exd4
Bxd4 9. Nc3 O-O 10. Nb5 h6 11. Nfxd4 Nxd4 12. Nxd4 Qxd4 13. Qb3 Rd8 14. Be3 Qg4
 1/2-1/2

[Event "2. Bundesliga Ost 2015/2016"]
[Site "Wien"]
[Date "2016.03.06"]
[Round "8"]
[Board "4"]
[White "Leitner, Gerald"]
[Black "Weissenbeck, Manuel"]
[Result "1-0"]
[WhiteElo "2216"]
[BlackElo "2246"]
[PlyCount "89"]
[EventDate "2015.10.17"]
[EventType "team"]
[EventRounds "11"]
[EventCountry "AUT"]
[WhiteTeam "tschaturanga"]
[BlackTeam "SC Data Technology Pressbaum/E."]

1. Nf3 c5 2. g3 Nf6 3. Bg2 e6 4. c4 Nc6 5. O-O Be7 6. Nc3 O-O 7. d4 d5 8. cxd5
exd5 9. Bg5 Be6 10. Rc1 c4 11. Ne5 h6 12. Bxf6 Bxf6 13. Nxc6 bxc6 14. e3 Rb8
15. Na4 Qa5 16. b3 Rb4 17. Nc5 Be7 18. Nxe6 fxe6 19. bxc4 Rb2 20. cxd5 cxd5 21.
Bh3 Rf6 22. a4 Qa6 23. Rc7 Bf8 24. Rc2 Rb4 25. Ra2 Qc4 26. Qa1 a5 27. Rc1 Qd3
28. Rb2 h5 29. Rxb4 Bxb4 30. Qb1 Qe2 31. Rc2 Bd2 32. Qf1 Qxf1+ 33. Bxf1 Be1 34.
f4 Rf8 35. Rc6 Kf7 36. Be2 g6 37. Kf1 Bd2 38. Kf2 Rh8 39. Rc7+ Kf6 40. Bd3 Rg8
41. Kf3 Rg7 42. Rc6 Re7 43. e4 dxe4+ 44. Kxe4 Bb4 45. Bc4 1-0